Sports Quiz

Random Sports or Rugby Quiz

Nations at the 2015 Rugby World Cup Quiz Stats

 Plays Quiz not verified by Sporcle

Score 0/20 Timer 04:00
0 Plays Today
% Correct
New Zealand
100%
Ireland
98.7%
England
98.7%
Wales
98.7%
South Africa
98.7%
Scotland
96.1%
France
96.1%
Samoa
96.1%
Australia
94.8%
Fiji
94.8%
% Correct
USA
92.2%
Italy
90.9%
Argentina
90.9%
Tonga
89.6%
Japan
89.6%
Canada
88.3%
Romania
74%
Georgia
67.5%
Namibia
66.2%
Uruguay
59.7%

You're not logged in!

Compare scores with friends on all Sporcle quizzes.
OR
Log In

Sporcle TV

Today on Sporcle TV


Watch our educational content, quiz creation guides, and fun videos on Sporcle TV.

Show Comments

Extras

Top Quizzes Today


Score Distribution

Your Account Isn't Verified!

In order to create a playlist on Sporcle, you need to verify the email address you used during registration. Go to your Sporcle Settings to finish the process.

Report this User

Report this user for behavior that violates our Community Guidelines.

Details: